NBA Teams by Picture - Statistics

General Stats
  • This quiz has been taken 697 times
  • The average score is 23 of 30
Answer Stats
Picture Answer % Correct
Houston Rockets
97%
New Orleans Pelicans
97%
Minnesota Timberwolves
93%
Sacramento Kings
93%
Chicago Bulls
89%
Milwaukee Bucks
86%
Phoenix Suns
85%
Charlotte Hornets
84%
Toronto Raptors
84%
Golden State Warriors
83%
Memphis Grizzlies
83%
Miami Heat
83%
Washington Wizards
83%
Atlanta Hawks
81%
Brooklyn Nets
81%
Oklahoma City Thunder
80%
Denver Nuggets
77%
Detroit Pistons
76%
Orlando Magic
76%
Utah Jazz
74%
San Antonio Spurs
72%
Dallas Mavericks
70%
Los Angeles Lakers
64%
Philadelphia 76ers
58%
Indiana Pacers
55%
Los Angeles Clippers
55%
New York Knicks
53%
Portland Trail Blazers
52%
Boston Celtics
48%
Cleveland Cavaliers
45%
No matching quizzes found
Score Distribution
Percent of People with Each Score
Percentile by Number Answered
Your Score History
You have not taken this quiz